1169 1647 1650 1698 1050 1401 1342 1695 1741 1908 1776 1802 1960 1776 1072 1223 1758 1802 1538 1651 1758 1935 1206 1223 1099 1485 1278 1576 1507 1413 1581 1821 1506 1746 1122 1631 1448 1981 1195 1601 1334 1170 1373 1849 1096 1459 1899 1016 1903 1448 1157 1905 1645 1259 1088 1135 1947 1035 1050 1199 1146 1826 1939 1449 1603 1865 1976 1366 1655 1461 1486 1166 1901 1753 1085 1099 1611 1276 1767 1390 1621 1131 1024 1217 1122 1422 1273 1042 1789 1125 1748 1105 1150 1909 1105 1286 1554 1323 1915 BCNSPRNW ULIB Ver.6.0+V

เปลี่ยนเป็นภาษาไทย

Change to English
 แสดงรายละเอียดบรรณานุกรม
  กลับหน้าหลัก

Brief Record : Get Marc (ISO 2709) : E-mail record : QR code < ปิดหน้าต่าง
LEADER : 00000nam 2200000uu 4500
001    13399115163
003     ULIB
008    120713s2554||||th 000 0 tha d
020    8858710302394
099    นว^bธ657ท
100 0  ธีรศา
245 00 ทรายสวาทห้วงสิเน่หา
260    กรุงเพทฯ:^bMy Love,^c2554
945    ^p265^l0^i18543
999 ^a ใช้งานได้ทุกระบบ
รายการนี้ยังไม่มีแท็ก
คุณยังไม่ได้ล็อกอิน คุณสามารถมีกิจกรรมร่วมกับเว็บไซต์ได้ แต่ต้องล็อกอินก่อน ::
  ล็อกอิน

รายการสื่อสารสนเทศ

ลำดับที่ ประเภท เลขเรียก/บาร์โค้ด สถานที่ สถานะ
1. นวนิยาย
นวนิยาย
นว ธ657ท  
  Barcode: 18543
ห้องสมุดวิทยาเขตสวรรค์ประชารักษ์
►นวนิยาย
บนชั้น
  ขอยืม

BibComment


ยังไม่เคยถูกคอมเมนท์

คอมเมนท์ทรัพยากรรายการนี้
  คอมเมนท์: ทรายสวาทห้วงสิเน่หา


 Copyright 2026. Bcnsprnw @Library